[Event "Thessaloniki olm"]
[Site "GRE"]
[Date "1984.??.??"]
[EventDate "1984.11.19"]
[Round "8.3"]
[Result "1-0"]
[White "Xu Jun"]
[Black "J H Gomez-Baillo"]
[WhiteElo "2330"]
[BlackElo "2375"]
[PlyCount "91"]

1. d4 d5 2. Nf3 Nf6 3. c4 c6 4. e3 Bf5 5. cxd5 cxd5 6. Qb3 Qb6
7. Qxb6 axb6 8. Nc3 e6 9. Bb5+ Nfd7 10. Ne5 Bd6 11. Nxd7 Nxd7
12. Bd2 Ke7 13. O-O Nf6 14. f3 h5 15. Rfc1 e5 16. a3 h4 17. h3
e4 18. fxe4 dxe4 19. Be2 g5 20. Nb5 Nd5 21. Bc4 Be6 22. Bxd5
Bxd5 23. Nc7 Bxc7 24. Rxc7+ Kd8 25. Rac1 Rh6 26. Bb4 Rc6
27. R1xc6 bxc6 28. Bd6 Rc8 29. Ra7 Ke8 30. Be7 g4 31. hxg4 Be6
32. Bxh4 c5 33. dxc5 Rxc5 34. Bf6 Bxg4 35. Re7+ Kf8 36. Rxe4
Be6 37. Rd4 Rd5 38. Rb4 Rf5 39. Bd4 b5 40. e4 Rh5 41. Bf6 Rc5
42. Kf2 Kg8 43. Ke3 Bd7 44. Rd4 Be6 45. Kf4 Kh7 46. g4 1-0

[Event "Dubai olm"]
[Site "UAE"]
[Date "1986.??.??"]
[EventDate "1986.11.15"]
[Round "2"]
[Result "1-0"]
[White "Xu Jun"]
[Black "Michael (SYR) Shadarevian"]
[WhiteElo "2440"]
[BlackElo "2285"]
[PlyCount "104"]

1. d4 Nf6 2. c4 b6 3. f3 Nc6 4. Nc3 e5 5. d5 Ne7 6. e4 Ng6
7. Be3 Bb4 8. Nge2 O-O 9. a3 Bxc3+ 10. Nxc3 d6 11. Qd2 Nd7
12. Bd3 Nc5 13. Bc2 a5 14. O-O Ne7 15. b4 Nd7 16. Bf2 f5
17. exf5 Nxf5 18. Ne4 Nf6 19. c5 bxc5 20. bxc5 Kh8 21. Rab1
Qe7 22. c6 Qf7 23. Rfd1 Ne7 24. Rb5 a4 25. Nc3 Nh5 26. Rb4 Nf4
27. Be3 g5 28. Rxa4 Rxa4 29. Bxa4 Nf5 30. Rf1 Nh4 31. Bxf4
gxf4 32. Rf2 Rg8 33. Kh1 Qg7 34. Bb5 Nf5 35. Bf1 Qf6 36. Bd3
Ng3+ 37. Kg1 Qh4 38. Qb2 Bf5 39. Be4 Bh3 40. Bd3 Nf5 41. Nd1
Nd4 42. Bf1 Qh5 43. Kh1 Bf5 44. a4 Qf7 45. Nc3 Qg6 46. a5 Bd3
47. a6 Bxf1 48. Rxf1 Qd3 49. Ra1 Kg7 50. a7 Kh6 51. Ne4 Nxf3
52. Qf2 Nd4 1-0

[Event "CHN ch"]
[Site "CHN"]
[Date "1987.??.??"]
[EventDate "1987.??.??"]
[Round "?"]
[Result "1/2-1/2"]
[White "Qi Jingxuan"]
[Black "Xu Jun"]
[WhiteElo "2440"]
[BlackElo "2505"]
[PlyCount "124"]

1. e4 c5 2. f4 Nc6 3. Nf3 g6 4. Bb5 Bg7 5. O-O d6 6. Bxc6+
bxc6 7. d3 Nf6 8. Nc3 O-O 9. Bd2 c4 10. dxc4 Qb6+ 11. Kh1 Qxb2
12. e5 dxe5 13. fxe5 Nd7 14. Qe2 Nc5 15. Qe3 Ne6 16. Rab1 Qa3
17. Nd5 Qxe3 18. Nxe7+ Kh8 19. Bxe3 Ba6 20. Nxc6 Bxc4 21. Rfd1
Bxa2 22. Ra1 Bc4 23. Rxa7 Rxa7 24. Bxa7 Rc8 25. Ncd4 Bd5
26. Rb1 Bxf3 27. Nxf3 Rxc2 28. Rb8+ Bf8 29. h3 Kg7 30. Nd4 Rc7
31. Nxe6+ fxe6 32. Be3 Kf7 33. Kh2 Bg7 34. Rb5 h6 35. Kg3 g5
36. Kf3 Bf8 37. Ke4 Rc4+ 38. Bd4 Rc7 39. g4 Rc1 40. Rb7+ Kg6
41. Rb8 Kf7 42. Rb3 Rf1 43. Rf3+ Rxf3 44. Kxf3 Ke8 45. Ke4 Kd7
46. Kd3 Kc6 47. Kc4 Be7 48. Be3 Bf8 49. Bd2 Kb6 50. Bc3 Be7
51. Be1 Bf8 52. h4 gxh4 53. Bxh4 Kc6 54. Bf6 Kd7 55. Kb5 Ke8
56. Kc6 Kf7 57. Kd7 Bb4 58. Bh4 Bd2 59. Bg3 Bc1 60. Bf2 Bd2
61. Bh4 Bc1 62. Bf6 Bd2 1/2-1/2

[Event "CHN ch"]
[Site "CHN"]
[Date "1987.??.??"]
[EventDate "1987.??.??"]
[Round "?"]
[Result "1-0"]
[White "Xu Jun"]
[Black "De Chen"]
[WhiteElo "2505"]
[BlackElo "2345"]
[PlyCount "75"]

1. d4 Nf6 2. c4 g6 3. f3 Bg7 4. e4 d6 5. Nc3 c5 6. d5 O-O
7. Bg5 e6 8. Qd2 exd5 9. cxd5 Re8 10. Nge2 a6 11. a4 Nbd7
12. Nc1 h6 13. Be3 Nh7 14. Be2 Ne5 15. O-O h5 16. Bf2 f5
17. Nd3 Nf7 18. Nf4 Bh6 19. Be3 Bxf4 20. Bxf4 g5 21. Be3 f4
22. Bf2 b6 23. b4 Ne5 24. a5 cxb4 25. Na4 bxa5 26. Bb6 Qf6
27. Bxa5 Rf8 28. Nb6 Rb8 29. Nxc8 Rbxc8 30. Bxb4 g4 31. Rxa6
gxf3 32. Bxf3 Nc4 33. Qc3 Qxc3 34. Bxc3 Ne3 35. Rc1 Rc4
36. Rxd6 Rfc8 37. Rg6+ Kf8 38. Rc6 1-0

[Event "CHN ch"]
[Site "CHN"]
[Date "1987.??.??"]
[EventDate "1987.??.??"]
[Round "?"]
[Result "1-0"]
[White "Xu Jun"]
[Black "Ma Hongding"]
[WhiteElo "2505"]
[BlackElo "2250"]
[PlyCount "79"]

1. d4 e6 2. c4 Nf6 3. Nc3 Bb4 4. g3 c5 5. Nf3 Ne4 6. Bd2 Nxd2
7. Qxd2 O-O 8. dxc5 Qa5 9. Rc1 Qxc5 10. a3 Bxc3 11. Qxc3 b6
12. Bg2 Bb7 13. O-O Qe7 14. Rfd1 Na6 15. b4 Rad8 16. Qc2 d6
17. Ng5 Qxg5 18. Bxb7 Nb8 19. Bg2 Qe7 20. Rd4 Nd7 21. Rcd1 Nf6
22. Bc6 Qc7 23. b5 d5 24. cxd5 Rxd5 25. Rxd5 exd5 26. Qf5 Qe7
27. Qf3 Qc5 28. Qb3 d4 29. Qb4 Qe5 30. Bf3 Rd8 31. a4 h5
32. h4 Ne4 33. e3 Qc5 34. Rxd4 Rxd4 35. Qxd4 Qxd4 36. exd4 Nc3
37. Kf1 Nxa4 38. Ke1 Nb2 39. Be2 Na4 40. Kd2 1-0

[Event "CHN ch"]
[Site "CHN"]
[Date "1987.??.??"]
[EventDate "1987.??.??"]
[Round "?"]
[Result "0-1"]
[White "Ye Rongguang"]
[Black "Xu Jun"]
[WhiteElo "2370"]
[BlackElo "2505"]
[PlyCount "68"]

1. c4 e5 2. Nc3 Nf6 3. Nf3 Nc6 4. e3 Be7 5. d4 exd4 6. Nxd4
O-O 7. Be2 d5 8. Nxc6 bxc6 9. O-O Bd6 10. g3 dxc4 11. Qd4 Be6
12. Bxc4 Bh3 13. Re1 Qb8 14. Qh4 Be6 15. Bd3 Rd8 16. Bc2 h6
17. e4 Be5 18. Be3 Qb4 19. Na4 Ng4 20. Bb3 Nxe3 21. Rxe3 Bxb3
22. axb3 Rd2 23. Qh5 Re8 24. Rf1 Re7 25. Qg4 g6 26. Qc8+ Kg7
27. Qa6 Bd4 28. Rf3 Qb5 29. Qc8 Qe2 30. Kg2 Qxe4 31. h3 Re6
32. Qd7 Rf6 33. Qg4 Qd5 34. Re1 Rxf2+ 0-1

[Event "CHN chT"]
[Site "CHN"]
[Date "1987.??.??"]
[EventDate "1987.??.??"]
[Round "?"]
[Result "0-1"]
[White "Wu Xibin"]
[Black "Xu Jun"]
[WhiteElo "2400"]
[BlackElo "2505"]
[PlyCount "68"]

1. e4 Nf6 2. e5 Nd5 3. d4 d6 4. c4 Nb6 5. exd6 cxd6 6. Bd3 Nc6
7. Ne2 e5 8. d5 Nb4 9. Nbc3 Nxd3+ 10. Qxd3 Be7 11. O-O O-O
12. b3 Nd7 13. Be3 b6 14. f4 exf4 15. Bxf4 Ne5 16. Qc2 Ng6
17. Bg3 Bh4 18. Bxh4 Qxh4 19. Ne4 Qe7 20. Nd4 f5 21. Ng3 f4
22. Rae1 Ne5 23. Ngf5 Bxf5 24. Nxf5 Qd7 25. Rxf4 g6 26. Nh6+
Kg7 27. Qd2 Rxf4 28. Qxf4 Rf8 29. Qh4 Qd8 30. Re4 g5 31. Qh5
Qf6 32. h4 Qxh6 33. Qxh6+ Kxh6 34. hxg5+ Kxg5 0-1

[Event "CHN chT"]
[Site "CHN"]
[Date "1987.??.??"]
[EventDate "1987.??.??"]
[Round "?"]
[Result "1/2-1/2"]
[White "Xu Jun"]
[Black "Ma Hongding"]
[WhiteElo "2505"]
[BlackElo "2280"]
[PlyCount "62"]

1. d4 Nf6 2. c4 e6 3. Nf3 Bb4+ 4. Nbd2 d5 5. a3 Be7 6. g3 O-O
7. Bg2 b6 8. O-O Bb7 9. b4 dxc4 10. Nxc4 Nbd7 11. Bb2 c5
12. dxc5 bxc5 13. b5 a6 14. bxa6 Rxa6 15. Nfe5 Bd5 16. Nxd7
Qxd7 17. Ne3 Bxg2 18. Qxd7 Nxd7 19. Kxg2 Rfa8 20. Rfd1 Nb6
21. Rab1 f6 22. Bc1 Kf7 23. Rb5 R8a7 24. h4 Na4 25. Rb3 Rb6
26. Rdd3 c4 27. Nxc4 Rxb3 28. Rxb3 Rc7 29. Nb2 Rxc1 30. Nxa4
Ra1 31. Nc3 Rxa3 1/2-1/2

[Event "CHN chT"]
[Site "CHN"]
[Date "1987.??.??"]
[EventDate "1987.??.??"]
[Round "?"]
[Result "1/2-1/2"]
[White "Xu Jun"]
[Black "Yang Xian"]
[WhiteElo "2505"]
[BlackElo "2305"]
[PlyCount "79"]

1. Nf3 Nf6 2. c4 g6 3. Nc3 Bg7 4. e4 d6 5. d4 O-O 6. Be2 Bg4
7. O-O Nc6 8. Be3 Re8 9. Re1 a6 10. Qc2 Bxf3 11. Bxf3 e5
12. d5 Nd4 13. Bxd4 exd4 14. Ne2 Nd7 15. Rad1 Be5 16. Nxd4 Qh4
17. g3 Qf6 18. Qc3 c5 19. dxc6 bxc6 20. Qe3 c5 21. Nc6 Bxb2
22. e5 Bxe5 23. Nxe5 Rxe5 24. Bxa8 Rxe3 25. Rxe3 Nb6 26. Bb7
Nxc4 27. Re8+ Kg7 28. Bxa6 Qf3 29. Ree1 Nb2 30. Rxd6 c4
31. Re3 Qf5 32. Bb7 Nd3 33. Rf3 Qb5 34. Rfxd3 cxd3 35. Bf3 f5
36. a4 Qb1+ 37. Kg2 Qb4 38. Rxd3 Qxa4 39. h4 h6 40. Rd5
1/2-1/2

[Event "CHN chT"]
[Site "CHN"]
[Date "1987.??.??"]
[EventDate "1987.??.??"]
[Round "?"]
[Result "1/2-1/2"]
[White "Ye Rongguang"]
[Black "Xu Jun"]
[WhiteElo "2375"]
[BlackElo "2505"]
[PlyCount "107"]

1. Nf3 d5 2. d4 c5 3. c4 e6 4. e3 Nf6 5. Nc3 Nc6 6. a3 cxd4
7. exd4 Be7 8. Bg5 O-O 9. Rc1 h6 10. Bf4 b6 11. Bd3 dxc4
12. Bxc4 Bb7 13. O-O Rc8 14. Qd3 Bd6 15. Bxd6 Qxd6 16. Ba6 Qb8
17. Bxb7 Qxb7 18. Ne4 Nxe4 19. Qxe4 Qd7 20. Rc3 Ne7 21. Rfc1
Rxc3 22. Rxc3 Rd8 23. g3 Nf5 24. Kg2 Qe7 25. h4 Nd6 26. Qe5
Qb7 27. Kg1 b5 28. b3 a5 29. d5 b4 30. axb4 axb4 31. Rd3 Nb5
32. d6 Qc6 33. d7 f6 34. Qf4 e5 35. Qxb4 Rxd7 36. Rxd7 Qxd7
37. Qc4+ Kh8 38. b4 Qb7 39. Qd3 e4 40. Qd8+ Kh7 41. Nd4 e3
42. fxe3 Nc3 43. Qa5 Nd5 44. Nc2 Ne7 45. b5 Qb8 46. Qe1 Qxb5
47. Qb4 Qe5 48. Qf4 Qd5 49. Nd4 Qb7 50. Kh2 Qb2+ 51. Kh3 Qb1
52. Qf3 Ng6 53. Qf5 Qxf5+ 54. Nxf5 1/2-1/2

[Event "Jakarta zt"]
[Site "INA"]
[Date "1987.??.??"]
[EventDate "1987.??.??"]
[Round "?"]
[Result "1-0"]
[White "Darryl K Johansen"]
[Black "Xu Jun"]
[WhiteElo "2410"]
[BlackElo "2495"]
[PlyCount "99"]

1. d4 Nf6 2. Nf3 g6 3. c4 Bg7 4. Nc3 d5 5. cxd5 Nxd5 6. e4
Nxc3 7. bxc3 c5 8. Be3 O-O 9. Rc1 b6 10. Bd3 Bg4 11. Be2 Nc6
12. d5 Na5 13. O-O e6 14. c4 e5 15. Nd2 Bd7 16. f4 Bh6 17. Rc3
Qe7 18. f5 Bg7 19. Bg4 f6 20. h4 Nb7 21. fxg6 hxg6 22. Bxd7
Qxd7 23. h5 g5 24. Qe2 Nd6 25. g4 Rf7 26. Rfc1 Bf8 27. Bf2 Kh7
28. Nf1 b5 29. Bxc5 Nxc4 30. Bf2 Bb4 31. R3c2 Ba3 32. Rb1 Bf8
33. Rcc1 Rc8 34. Ne3 Ba3 35. Rc2 Nxe3 36. Rxc8 Qxc8 37. Bxe3
a6 38. Rf1 Bc5 39. Bxc5 Qxc5+ 40. Qf2 Qc8 41. Qf3 b4 42. Rd1
a5 43. d6 Qe6 44. Qf5+ Qxf5 45. exf5 Rd7 46. Kf2 a4 47. Kf3
Kg7 48. Ke4 Kf7 49. h6 Ke8 50. Kd5 1-0

[Event "Jakarta zt"]
[Site "INA"]
[Date "1987.??.??"]
[EventDate "1987.??.??"]
[Round "?"]
[Result "0-1"]
[White "Hiroshi Takemoto"]
[Black "Xu Jun"]
[WhiteElo "2210"]
[BlackElo "2495"]
[PlyCount "48"]

1. c4 e5 2. g3 c6 3. Bg2 d5 4. cxd5 cxd5 5. Qb3 Nf6 6. d4 exd4
7. Nf3 Nc6 8. O-O Bc5 9. a3 O-O 10. Bg5 Bb6 11. Nbd2 Be6
12. Qd3 h6 13. Bxf6 Qxf6 14. Nb3 Bf5 15. Qd2 Be4 16. Rad1 d3
17. Nh4 Ne5 18. exd3 Nxd3 19. Bxe4 dxe4 20. Rb1 Rad8 21. Qe2
Rfe8 22. Ng2 Qf3 23. Qxf3 exf3 24. Ne3 Nxf2 0-1

[Event "Jakarta zt"]
[Site "INA"]
[Date "1987.??.??"]
[EventDate "1987.??.??"]
[Round "?"]
[Result "1-0"]
[White "Xu Jun"]
[Black "Rogelio Antonio Jr"]
[WhiteElo "2495"]
[BlackElo "2310"]
[PlyCount "83"]

1. d4 Nf6 2. c4 c5 3. d5 e6 4. Nc3 exd5 5. cxd5 d6 6. e4 g6
7. f3 Bg7 8. Bg5 h6 9. Be3 O-O 10. Qd2 h5 11. Nge2 a6 12. a4
Re8 13. Nc1 b6 14. Be2 Nbd7 15. O-O Rb8 16. Rb1 Nh7 17. N1a2
f5 18. b4 Ra8 19. bxc5 bxc5 20. Bf2 Ne5 21. h3 Qa5 22. f4 Nf7
23. Bd3 Nh6 24. Rbe1 fxe4 25. Nxe4 Qxd2 26. Nxd2 Rxe1 27. Rxe1
Bf5 28. Bf1 Bh8 29. Nc3 Kf7 30. a5 Rb8 31. Nc4 Bd4 32. Re3 Rb4
33. Nb6 Bg7 34. Bxa6 Rxf4 35. Nc4 Bd4 36. Nxd6+ Kf6 37. Nce4+
Bxe4 38. Nxe4+ Ke5 39. Nc3+ Bxe3 40. Bxe3 Rf6 41. Bb7 Nf5
42. Bxc5 1-0

[Event "Jakarta zt"]
[Site "INA"]
[Date "1987.??.??"]
[EventDate "1987.??.??"]
[Round "?"]
[Result "1-0"]
[White "Xu Jun"]
[Black "R C Balinas"]
[WhiteElo "2495"]
[BlackElo "2380"]
[PlyCount "91"]

1. d4 Nf6 2. c4 e6 3. Nf3 b6 4. g3 Bb7 5. Bg2 Bb4+ 6. Bd2 Qe7
7. O-O Bxd2 8. Qxd2 O-O 9. Nc3 Ne4 10. Nxe4 Bxe4 11. Qf4 d5
12. Rac1 c5 13. dxc5 bxc5 14. cxd5 exd5 15. Qe5 Qd8 16. Rfd1
Nd7 17. Qd6 Rb8 18. b3 Rb6 19. Qf4 Ra6 20. Qd2 Qa5 21. Qxa5
Rxa5 22. Rd2 Re8 23. Ne1 Nf6 24. Nd3 Bxg2 25. Kxg2 Ne4 26. Rb2
d4 27. Rc4 g6 28. Kf1 Rb8 29. Rbc2 Nc3 30. Rxc5 Ra3 31. Nc1
Rb6 32. Rc4 Rba6 33. Rxd4 Nxa2 34. Nd3 Rxb3 35. Rc8+ Kg7
36. Rd7 Nb4 37. Ne5 Rf6 38. Rcc7 a5 39. Nxf7 Rb1+ 40. Kg2 a4
41. Ng5+ Kh6 42. Ne4 g5 43. Nxf6 a3 44. Ng4+ Kh5 45. Rxh7+ Kg6
46. Rh6+ 1-0

[Event "Jakarta zt"]
[Site "INA"]
[Date "1987.??.??"]
[EventDate "1987.??.??"]
[Round "?"]
[Result "1-0"]
[White "Xu Jun"]
[Black "Edhi Handoko"]
[WhiteElo "2495"]
[BlackElo "2415"]
[PlyCount "83"]

1. d4 Nf6 2. c4 e6 3. Nf3 d5 4. g3 c5 5. cxd5 exd5 6. Bg2 Be7
7. O-O O-O 8. Nc3 Nc6 9. Bg5 cxd4 10. Nxd4 h6 11. Be3 Re8
12. Rc1 Bg4 13. h3 Be6 14. Nxe6 fxe6 15. f4 Bb4 16. Bf2 Rc8
17. a3 Bf8 18. Qa4 Nd7 19. b4 a5 20. b5 Nc5 21. Qd1 Ne7 22. e4
dxe4 23. Nxe4 Nd3 24. Rxc8 Nxc8 25. Be3 Ne7 26. Qe2 Qd7
27. Rd1 Rd8 28. Bf1 Nf5 29. Bf2 Nxf4 30. Nf6+ gxf6 31. Qg4+
Qg7 32. Qxg7+ Kxg7 33. Rxd8 Nd5 34. Rd7+ Kg6 35. Rxb7 Bxa3
36. b6 Nfe7 37. Rd7 Nc6 38. b7 Bb2 39. Rd6 Nb8 40. Rxe6 a4
41. Ba7 Nc7 42. Re4 1-0

[Event "Jakarta zt"]
[Site "INA"]
[Date "1987.??.??"]
[EventDate "1987.??.??"]
[Round "?"]
[Result "1-0"]
[White "Xu Jun"]
[Black "Jimmy Liew Chee Meng"]
[WhiteElo "2495"]
[BlackElo "2365"]
[PlyCount "91"]

1. d4 Nf6 2. c4 c5 3. d5 e6 4. Nc3 exd5 5. cxd5 d6 6. e4 g6
7. Bd3 Bg7 8. Nge2 O-O 9. O-O a6 10. a4 Re8 11. f3 Nbd7
12. Bc2 b6 13. Rb1 Ne5 14. h3 h5 15. f4 Ned7 16. Be3 Qe7
17. Bf2 Nh7 18. b4 g5 19. bxc5 bxc5 20. Qd2 Kh8 21. Ng3 gxf4
22. Nf5 Qf8 23. Be1 Be5 24. Ne2 Ndf6 25. Bh4 Bxf5 26. exf5 Qg7
27. Nxf4 Bd4+ 28. Kh1 Be3 29. Qd1 Bxf4 30. Rxf4 Re5 31. Rf3
Rae8 32. a5 Nxd5 33. f6 Qh6 34. Bb3 Ne3 35. Qd2 Ng5 36. Rg3
Qxf6 37. Bxg5 Rxg5 38. Rxe3 Reg8 39. Rg1 d5 40. Bxd5 Qd4
41. Rd3 Qb4 42. Bxf7 Qxd2 43. Rxd2 Rf8 44. Bc4 Rf4 45. Rc1 Kg7
46. Rd7+ 1-0

[Event "Portoroz/Ljubljana Vidmar mem"]
[Site "SLO"]
[Date "1987.??.??"]
[EventDate "1987.06.03"]
[Round "8"]
[Result "0-1"]
[White "Iztok Jelen"]
[Black "Xu Jun"]
[WhiteElo "2430"]
[BlackElo "2495"]
[PlyCount "76"]

1. d4 Nf6 2. c4 e6 3. Nc3 Bb4 4. e3 c5 5. Bd3 d5 6. cxd5 exd5
7. Nge2 cxd4 8. exd4 h6 9. O-O Nc6 10. Bf4 O-O 11. h3 Bd6
12. Bc2 Bxf4 13. Nxf4 Qd6 14. Qd2 Bd7 15. Bb3 Ne4 16. Qe3 Rfe8
17. Nfxd5 Nxc3 18. Qxc3 Be6 19. Nc7 Qxc7 20. d5 Bd7 21. dxc6
Bxc6 22. Rfe1 Qf4 23. Qc4 Qf6 24. Rad1 a6 25. f3 Rac8 26. Kh2
g6 27. Rc1 Kg7 28. Rxe8 Rxe8 29. Qc3 Re2 30. Qxf6+ Kxf6
31. Kg3 Rxb2 32. Rd1 Re2 33. Rd4 Ke7 34. Rh4 a5 35. Rxh6 a4
36. Bc4 Rc2 37. Bd3 Rxa2 38. Rh7 Bd5 0-1

[Event "Portoroz/Ljubljana Vidmar mem"]
[Site "SLO"]
[Date "1987.??.??"]
[EventDate "1987.06.03"]
[Round "11"]
[Result "0-1"]
[White "Xu Jun"]
[Black "Goran Dizdar"]
[WhiteElo "2495"]
[BlackElo "2505"]
[PlyCount "126"]

1. d4 Nf6 2. c4 e6 3. Nf3 d5 4. g3 Be7 5. Bg2 O-O 6. O-O c6
7. Qc2 Nbd7 8. Nbd2 b6 9. e4 Bb7 10. e5 Ne8 11. cxd5 cxd5
12. Nb3 Qc7 13. Qb1 Ba6 14. Re1 Rc8 15. Bd2 Qd8 16. h4 h6
17. Nc1 Nb8 18. Nd3 Nc6 19. Nf4 Qd7 20. Bh3 Bb4 21. Qd1 Nc7
22. Rc1 Be7 23. Bf1 Bxf1 24. Rxf1 Rfd8 25. Nh5 Ne8 26. Be3 Na5
27. b3 Rxc1 28. Bxc1 Rc8 29. Nh2 Bf8 30. Be3 Qb5 31. Qg4 Kh8
32. Qf3 Kg8 33. g4 Nc6 34. g5 hxg5 35. hxg5 Qd3 36. Rd1 Qc2
37. Kg2 Ne7 38. Rc1 Qd3 39. Nf4 Qf5 40. Rxc8 Nxc8 41. Qg4 Qe4+
42. Qf3 Qf5 43. Qg4 Ne7 44. Qxf5 Nxf5 45. Kf1 Nc7 46. Ke2 Na6
47. Nd3 Nb4 48. Nxb4 Bxb4 49. Nf3 Kh7 50. Bc1 Kg6 51. a3 Bc3
52. Kd3 Ba1 53. a4 a6 54. b4 Kh5 55. b5 axb5 56. axb5 Kg4
57. Nh2+ Kh3 58. Nf3 Kg4 59. Nh2+ Kh3 60. Nf3 g6 61. Ng1+ Kg2
62. Ne2 Ne7 63. Nc3 Bxc3 0-1

[Event "Timisoara it"]
[Site "ROM"]
[Date "1987.??.??"]
[EventDate "1987.??.??"]
[Round "3"]
[Result "1-0"]
[White "Xu Jun"]
[Black "Constantin Ionescu"]
[WhiteElo "2495"]
[BlackElo "2520"]
[PlyCount "96"]

1. d4 Nf6 2. c4 d6 3. Nf3 Nbd7 4. Nc3 e5 5. e4 Be7 6. Be2 O-O
7. O-O c6 8. Rb1 Re8 9. b4 Qc7 10. h3 Nf8 11. Qc2 Ng6 12. Rd1
exd4 13. Nxd4 Bf8 14. Bf1 a6 15. a4 a5 16. b5 Nd7 17. Nb3 Nb6
18. Be3 c5 19. Nd2 Ne7 20. Nf3 Be6 21. Ng5 g6 22. Nxe6 fxe6
23. h4 Bg7 24. Ne2 Nec8 25. g3 Qf7 26. Bh3 Nd7 27. Kg2 Bf8
28. Bf4 Qg7 29. Ng1 Ne5 30. Rd2 Nf7 31. Nf3 h6 32. e5 g5
33. exd6 Bxd6 34. hxg5 hxg5 35. Nxg5 Bxf4 36. gxf4 Nxg5
37. fxg5 Qxg5+ 38. Kh1 Kf7 39. Qh7+ Qg7 40. Rd7+ Re7 41. Bxe6+
Kxe6 42. Qxg7 Kxd7 43. Qf8 b6 44. Rd1+ Kc7 45. f4 Kb8 46. Rd8
Rc7 47. Kg2 Raa7 48. Kf3 Rab7 1-0

[Event "Timisoara it"]
[Site "ROM"]
[Date "1987.??.??"]
[EventDate "1987.??.??"]
[Round "4"]
[Result "1/2-1/2"]
[White "Reynaldo Vera"]
[Black "Xu Jun"]
[WhiteElo "2470"]
[BlackElo "2495"]
[PlyCount "106"]

1. d4 d5 2. c4 e6 3. Nc3 c5 4. e3 Nf6 5. Nf3 Nc6 6. cxd5 exd5
7. Be2 cxd4 8. Nxd4 Bd6 9. O-O O-O 10. b3 Be5 11. Nxc6 bxc6
12. Bb2 Re8 13. Rc1 Bc7 14. Na4 Qd6 15. g3 Bh3 16. Re1 Ba5
17. Bc3 Bxc3 18. Rxc3 Ne4 19. Rc2 g6 20. Bg4 Bxg4 21. Qxg4 h5
22. Qf4 Qd7 23. Rec1 Rac8 24. Nc5 Nxc5 25. Rxc5 Re4 26. Qf6
Re6 27. Qc3 h4 28. b4 Rb8 29. a3 h3 30. Kf1 d4 31. exd4 Rbe8
32. Re5 Rxe5 33. dxe5 Re6 34. f3 Qd5 35. Re1 Qa2 36. Re2 Qb1+
37. Re1 Qa2 38. Re2 Qb1+ 39. Qe1 Qd3 40. Kf2 Qxa3 41. g4 c5
42. bxc5 Qxc5+ 43. Kg3 a5 44. Re4 a4 45. Kxh3 a3 46. Ra4 Kg7
47. Ra5 Qd4 48. Rxa3 Qxe5 49. Qxe5+ Rxe5 50. Kg3 Rb5 51. h4
Rc5 52. Ra4 Rb5 53. Kf4 Rc5 1/2-1/2

[Event "Timisoara it"]
[Site "ROM"]
[Date "1987.??.??"]
[EventDate "1987.??.??"]
[Round "5"]
[Result "1-0"]
[White "Xu Jun"]
[Black "Raj Tischbierek"]
[WhiteElo "2495"]
[BlackElo "2435"]
[PlyCount "75"]

1. d4 d5 2. c4 c6 3. e3 Nf6 4. Nf3 Bf5 5. cxd5 cxd5 6. Qb3 Qb6
7. Qxb6 axb6 8. Nc3 e6 9. Bb5+ Nfd7 10. Ne5 Bd6 11. Nxd7 Nxd7
12. O-O O-O-O 13. f3 Bg6 14. e4 dxe4 15. Nxe4 Bc7 16. Bg5 f6
17. Be3 e5 18. d5 Bxe4 19. fxe4 Nc5 20. Rac1 Kb8 21. Rc4 Bd6
22. b4 Na6 23. Bxb6 Rc8 24. a3 Rxc4 25. Bxc4 Rc8 26. Rc1 g6
27. g4 Nc7 28. Bd3 Ne8 29. Rxc8+ Kxc8 30. Kf1 Bc7 31. Be3 Nd6
32. Ke1 Nf7 33. h4 Bd6 34. Kd2 Bf8 35. Kc3 Bh6 36. Bc5 Bc1
37. a4 Kc7 38. Be7 1-0

[Event "Timisoara it"]
[Site "ROM"]
[Date "1987.??.??"]
[EventDate "1987.??.??"]
[Round "7"]
[Result "1/2-1/2"]
[White "Xu Jun"]
[Black "Jan Przewoznik"]
[WhiteElo "2495"]
[BlackElo "2430"]
[PlyCount "97"]

1. d4 f5 2. g3 Nf6 3. Bg2 e6 4. Nf3 d5 5. O-O Bd6 6. b3 Qe7
7. c4 c6 8. Nc3 O-O 9. Bb2 Bd7 10. e3 Be8 11. Ne2 Bh5 12. Nf4
Bxf3 13. Bxf3 g5 14. Nd3 g4 15. Bg2 Nbd7 16. Ne5 Rac8 17. Qd3
Rfd8 18. Rac1 Ne4 19. cxd5 cxd5 20. Qb5 Nxe5 21. dxe5 Bb8
22. Bxe4 fxe4 23. Bd4 Kf7 24. Bc5 Qd7 25. Qe2 h5 26. h3 Rg8
27. Bd4 a6 28. Kg2 Qb5 29. Qxb5 axb5 30. hxg4 hxg4 31. Rxc8
Rxc8 32. Rh1 Rg8 33. Rc1 Kg6 34. Rc5 Kf5 35. Rxb5 Rg7 36. a4
Bxe5 37. Bxe5 Kxe5 38. a5 Rc7 39. Kf1 Kf6 40. b4 Rd7 41. Ke2
e5 42. Rb6+ Kf5 43. b5 d4 44. a6 d3+ 45. Kd2 bxa6 46. bxa6 Rd5
47. Rb8 Ra5 48. Ra8 Ra2+ 49. Kd1 1/2-1/2

[Event "Timisoara it"]
[Site "ROM"]
[Date "1987.??.??"]
[EventDate "1987.??.??"]
[Round "8"]
[Result "0-1"]
[White "Xu Jun"]
[Black "Edvins Kengis"]
[WhiteElo "2495"]
[BlackElo "2485"]
[PlyCount "70"]

1. d4 Nf6 2. c4 e6 3. g3 d5 4. Nf3 Bb4+ 5. Nc3 dxc4 6. Bg2 O-O
7. O-O Nc6 8. e3 Rb8 9. Qe2 b5 10. Rd1 Be7 11. e4 Bd7 12. Bg5
h6 13. Bxf6 Bxf6 14. e5 Be7 15. d5 Nb4 16. dxe6 fxe6 17. Ne1
Qe8 18. a3 Na6 19. a4 bxa4 20. Qxc4 Nc5 21. Nd3 Bb5 22. Nxb5
Qxb5 23. Qxb5 Rxb5 24. Nxc5 Bxc5 25. Rd2 Rxf2 26. Rxf2 Rxb2
27. Bh3 Rxf2 28. Bxe6+ Kf8 29. Kh1 Ke7 30. Bd5 Rd2 31. Bc4 a3
32. Ra2 Rb2 33. g4 g5 34. h3 c6 35. Bf1 Kd7 0-1

[Event "Timisoara it"]
[Site "ROM"]
[Date "1987.??.??"]
[EventDate "1987.??.??"]
[Round "9"]
[Result "1/2-1/2"]
[White "Florin Gheorghiu"]
[Black "Xu Jun"]
[WhiteElo "2540"]
[BlackElo "2495"]
[PlyCount "48"]

1. d4 Nf6 2. c4 g6 3. f3 d5 4. cxd5 Nxd5 5. e4 Nb6 6. Nc3 Bg7
7. Be3 O-O 8. f4 Nc6 9. d5 Na5 10. Bd4 e5 11. Bxe5 Bxe5
12. fxe5 Qh4+ 13. g3 Qe7 14. Qd4 Rd8 15. b4 Nac4 16. Nf3 Bg4
17. Bxc4 Bxf3 18. O-O Qxb4 19. e6 fxe6 20. Rxf3 Qxc4 21. Qf6
exd5 22. Qe6+ Kh8 23. Qf6+ Kg8 24. Qe6+ Kh8 1/2-1/2

[Event "Timisoara it"]
[Site "ROM"]
[Date "1987.??.??"]
[EventDate "1987.??.??"]
[Round "10"]
[Result "1/2-1/2"]
[White "Xu Jun"]
[Black "Nino Kirov Ivanov"]
[WhiteElo "2495"]
[BlackElo "2450"]
[PlyCount "143"]

1. d4 d5 2. c4 c6 3. e3 Nf6 4. Nf3 Bf5 5. cxd5 Bxb1 6. Rxb1
cxd5 7. Bb5+ Nbd7 8. Qb3 a6 9. Bd3 Qb6 10. Qa4 e6 11. Bd2 Bd6
12. Ba5 Qa7 13. O-O O-O 14. Rfc1 Rfc8 15. Qb3 Rab8 16. Rc2 h6
17. h3 Qa8 18. Rbc1 Ne8 19. Qa4 Nef6 20. a3 b6 21. Be1 b5
22. Qa5 Rxc2 23. Rxc2 Rc8 24. Rxc8+ Qxc8 25. a4 bxa4 26. Bxa6
Qb8 27. Bb5 Nb6 28. Ne5 Bxe5 29. dxe5 Ne4 30. f3 Nc5 31. Bc3
Qc7 32. Bd4 g6 33. Be8 Ncd7 34. Bxd7 Qc1+ 35. Kh2 Nxd7
36. Qxa4 Qc7 37. f4 Kg7 38. b4 g5 39. b5 gxf4 40. exf4 Qc1
41. Bf2 Nc5 42. Qd4 Ne4 43. Qe3 Qb2 44. f5 exf5 45. Qd4 Qxb5
46. e6+ Kf8 47. Qh8+ Ke7 48. exf7 Kxf7 49. Qh7+ Ke8 50. Qg6+
Kd8 51. Bb6+ Kc8 52. Qxh6 Kb7 53. Bd4 Qc6 54. Qf4 Qc4 55. Be5
d4 56. Qxf5 Qd5 57. Qh7+ Kc6 58. Qg6+ Kb5 59. Qe8+ Kb4
60. Qb8+ Kc4 61. Qc7+ Nc5 62. Bf4 d3 63. Bd2 Kb3 64. Be3 Kc4
65. Qf4+ Ne4 66. Bd2 Kb3 67. h4 Kc2 68. Be3 d2 69. Bxd2 Nxd2
70. g4 Kd3 71. Qf5+ Qxf5 72. gxf5 1/2-1/2

[Event "Timisoara it"]
[Site "ROM"]
[Date "1987.??.??"]
[EventDate "1987.??.??"]
[Round "11"]
[Result "1/2-1/2"]
[White "Dan Barbulescu"]
[Black "Xu Jun"]
[WhiteElo "2465"]
[BlackElo "2495"]
[PlyCount "41"]

1. e4 d6 2. d4 Nf6 3. Nc3 g6 4. Nf3 Bg7 5. Be2 O-O 6. O-O c5
7. dxc5 dxc5 8. Qxd8 Rxd8 9. Be3 b6 10. Rad1 Nc6 11. Rxd8+
Nxd8 12. Rd1 Bb7 13. Nd2 Ne6 14. f3 Nd4 15. Bd3 Rd8 16. Kf2
Nd7 17. Nc4 Nc6 18. Bf1 Nde5 19. Rxd8+ Nxd8 20. Nxe5 Bxe5
21. Nd1 1/2-1/2

[Event "Timisoara it"]
[Site "ROM"]
[Date "1987.??.??"]
[EventDate "1987.??.??"]
[Round "12"]
[Result "1/2-1/2"]
[White "Xu Jun"]
[Black "Mihail-Viorel Ghinda"]
[WhiteElo "2495"]
[BlackElo "2460"]
[PlyCount "79"]

1. d4 Nf6 2. c4 g6 3. Nc3 d5 4. Nf3 Bg7 5. Bf4 O-O 6. Rc1 dxc4
7. e3 Be6 8. Ng5 Bd5 9. e4 h6 10. exd5 hxg5 11. Bxg5 Nxd5
12. Bxc4 Nb6 13. Bb3 Nc6 14. d5 Nd4 15. O-O Qd7 16. Re1 Rfe8
17. h4 Rad8 18. Re4 Nxb3 19. Qxb3 Nxd5 20. Qxb7 Nxc3 21. bxc3
a5 22. Qa7 Qd5 23. Re2 Qc4 24. Rxe7 Rxe7 25. Bxe7 Bd4 26. Qxa5
Bxf2+ 27. Kh1 Re8 28. Bf6 Bxh4 29. Bd4 Qc6 30. Qc5 Qxc5
31. Bxc5 Re2 32. Ra1 Bf6 33. Bb4 Rc2 34. a4 c5 35. Bxc5 Bxc3
36. Rd1 Ra2 37. Bd4 Bxd4 38. Rxd4 f5 39. g4 fxg4 40. Rxg4
1/2-1/2